000 00288nam a2200121Ia 4500
008 190216s9999||||xx |||||||||||||| ||und||
100 _aPain Hj
245 4 _aThe Physics Of Vibrations And Waves
260 _bJohn Wiley & Sons
_c1983
300 _a415p
650 _aPhysics
942 _cBK
999 _c33142
_d33142